Central Library OPAC University of Rajshahi

The kings & queens of Britain / (Record no. 64675)

MARC details
000 -LEADER
fixed length control field 01091nam a2200313 a 4500
001 - CONTROL NUMBER
control field 64675
003 - CONTROL NUMBER IDENTIFIER
rucl marc code BD-RjUL
005 - DATE AND TIME OF LATEST TRANSACTION
control field 20211209081332.0
008 - FIXED-LENGTH DATA ELEMENTS--GENERAL INFORMATION
fixed length control field 170219s2009 enkab ob 001 0ceng d
020 ## - INTERNATIONAL STANDARD BOOK NUMBER
Canceled/invalid ISBN 9780199559220
035 ## - SYSTEM CONTROL NUMBER
System control number (BD-RjUL)64805
040 ## - CATALOGING SOURCE
Original cataloging agency VLB
Transcribing agency VLB
Modifying agency CTN
-- TWU
-- MZA
-- I8H
-- ORU
-- MYG
-- BD-RjUL
Language of cataloging eng
041 ## - LANGUAGE CODE
Language code of text/sound track or separate title eng
082 04 - DEWEY DECIMAL CLASSIFICATION NUMBER
Classification number 941.0099
Edition number 23
Author mark and year CAK 2009
100 1# - MAIN ENTRY--PERSONAL NAME
Personal name Cannon, John
Dates associated with a name 1926-2012.
9 (RLIN) 191754
245 14 - TITLE STATEMENT
Title The kings & queens of Britain /
Statement of responsibility, etc. John Cannon and Anne Hargreaves.
250 ## - EDITION STATEMENT
Edition statement 2nd ed., rev.
260 ## - PUBLICATION, DISTRIBUTION, ETC. (IMPRINT)
Place of publication, distribution, etc. Oxford ;
-- New York :
Name of publisher, distributor, etc. Oxford University Press,
Date of publication, distribution, etc. 2009.
300 ## - PHYSICAL DESCRIPTION
Pagination xii, 404 p. :
Illustrations ill. ;
Size 21cm.
490 1# - SERIES STATEMENT
Series statement Oxford paperback reference
504 ## - BIBLIOGRAPHY, ETC. NOTE
Bibliography, etc Includes bibliographical references (p. [365]) and index.
651 #0 - SUBJECT ADDED ENTRY--GEOGRAPHIC NAME
Geographic name Great Britain
General subdivision Kings and rulers
Form subdivision Biography.
9 (RLIN) 191755
Geographic name Great Britain
General subdivision History.
9 (RLIN) 189727
700 1# - ADDED ENTRY--PERSONAL NAME
Personal name Hargreaves, Anne.
710 2# - ADDED ENTRY--CORPORATE NAME
Corporate name or jurisdiction name as entry element Oxford University Press.
9 (RLIN) 191757
830 #0 - SERIES ADDED ENTRY--UNIFORM TITLE
Uniform title Oxford paperback reference.
942 ## - ADDED ENTRY ELEMENTS (KOHA)
Source of classification or shelving scheme Dewey Decimal Classification
Koha item type Books
Holdings
Lost status Source of classification or shelving scheme Damaged status Not for loan Collection code Permanent Location Current Location Shelving location Date acquired Source of acquisition Cost, normal purchase price Total Checkouts Full call number Date last seen Copy number Koha item type
  Dewey Decimal Classification   Not For Loan Non-fiction Central Library, University of Rajshahi Central Library, University of Rajshahi Reading Room 06/07/2013 Paragon Enterprises Ltd., Dhaka 525.00   941.0099 CAK 2009 19/02/2017 C-1 Books